| 000 | 00603nam a2200205 a 4500 | ||
|---|---|---|---|
| 005 | 20230417145026.0 | ||
| 008 | 230417t2019 xxu||||| |||| 00| 0 eng d | ||
| 020 | _a9781400212941 | ||
| 040 | _aAKMAL | ||
| 082 | _a658.4092 JOH | ||
| 090 |
_a658.4092 _bJOH |
||
| 245 |
_aLeadershift : _bThe 11 essential changes every leader must embrace / _cJohn C. Maxwell |
||
| 260 |
_aUSA : _bHarperCollins, _c2019 |
||
| 300 |
_a265p. : _bill. ; _c23cm |
||
| 599 | _aDALAM PROSES | ||
| 650 | _aLeadership | ||
| 650 |
_aEmployee motivation _92790 |
||
| 650 |
_aOrganizational effectiveness _9566 |
||
| 942 |
_2ddc _cBOOK |
||
| 999 |
_c4985 _d4985 |
||